| 000 | 00963nam a22003377a 4500 | ||
|---|---|---|---|
| 001 | 0041151 | ||
| 003 | KOHA_MİRAKIL | ||
| 005 | 20260207003226.0 | ||
| 007 | ta | ||
| 008 | 130906b2012 tu |||gr||||#||||0|tur | | ||
| 020 | _a9789755911141 | ||
| 040 |
_aTR-BiSEU _btur _cTR-BiSEU _erda |
||
| 041 | 0 | _atur | |
| 044 | _ctu | ||
| 050 |
_aTA684 _b.K37 2012 |
||
| 100 | 1 | _aKaraduman, Mustafa. | |
| 245 | 1 |
_aÇelik yapılar/ _cMustafa Karaduman ; Mustafa Karaduman. |
|
| 250 | _a7. Baskı | ||
| 264 | 1 |
_aAnkara : _bNobel _c2012 |
|
| 300 | _a197 sayfa: resimli; 24 cm. | ||
| 336 |
_ametin _btxt _2rdacontent |
||
| 337 |
_aaracısız _bn _2rdamedia |
||
| 338 |
_acilt _bnc _2rdacarrier |
||
| 490 | 1 |
_aNobel yayın no ; _v469. |
|
| 490 | 1 |
_aTeknik mühendislik no ; _v34 |
|
| 500 | _aKaynakça var. | ||
| 650 | 0 |
_aÇelik yapılar. _91561 |
|
| 830 | 1 |
_aNobel yayın no ; _v469. _91940 |
|
| 830 | 1 |
_aTeknik mühendislik no ; _v34 _976356 |
|
| 942 |
_2lcc _cBK |
||
| 999 |
_c41010 _d41010 |
||